Drapeaux en Emojis - Statistiques

Statistiques générales
  • Ce quiz a été pris 158 fois
  • Le résultat moyen est 116 sur 249
Statistiques - réponses
Drapeaux Réponses % Correct
🇩🇪 Allemagne
90%
🇩🇿 Algérie
89%
🇿🇦 Afrique du Sud
88%
🇫🇷 France
87%
🇦🇷 Argentine
84%
🇦🇺 Australie
84%
🇨🇳 Chine
84%
🇧🇷 Brésil
83%
🇨🇦 Canada
83%
🇪🇸 Espagne
83%
🇧🇪 Belgique
81%
🇰🇷 Corée du Sud
81%
🇺🇸 Etats-Unis
80%
🇮🇳 Inde
80%
🇯🇵 Japon
80%
🇵🇹 Portugal
80%
🇮🇹 Italie
79%
🇲🇦 Maroc
79%
🇦🇱 Albanie
78%
🇰🇵 Corée du Nord
77%
🇫🇮 Finlande
77%
🇷🇺 Russie
75%
🇪🇬 Egypte
74%
🇵🇱 Pologne
74%
🇸🇦 Arabie Saoudite
73%
🇸🇪 Suède
73%
🇨🇭 Suisse
73%
🇩🇰 Danemark
72%
🇬🇷 Grèce
72%
🇮🇪 Irlande
72%
🇳🇿 Nouvelle-Zélande
72%
🇺🇦 Ukraine
72%
🏴󠁧󠁢󠁥󠁮󠁧󠁿 Angleterre
71%
🇨🇾 Chypre
71%
🇭🇷 Croatie
71%
🇲🇽 Mexique
71%
🇨🇱 Chili
70%
🇮🇱 Israel
70%
🇳🇴 Norvège
70%
🇹🇳 | 🇹🇷 Tunisie
70%
🇦🇫 Afghanistan
69%
🇦🇹 Autriche
69%
🇷🇴 Roumanie
69%
🇱🇧 Liban
68%
🇨🇲 Cameroun
67%
🇶🇦 Qatar
67%
🇳🇱 Pays-Bas
66%
🇧🇬 Bulgarie
65%
🇨🇩 République démocratique du Congo
65%
🇨🇬 République du Congo
65%
🇨🇮 Côte d'Ivoire
63%
🇭🇺 Hongrie
63%
🇮🇶 Irak
63%
🇮🇷 Iran
63%
🇮🇸 Islande
63%
🇰🇪 Kenya
63%
🇳🇪 Niger
63%
🇧🇩 Bangladesh
62%
🇨🇴 Colombie
62%
🇨🇺 Cuba
62%
🇪🇪 Estonie
62%
🇯🇲 Jamaïque
62%
🇲🇨 Monaco
62%
🇰🇭 Cambodge
61%
🇲🇹 Malte
61%
🇦🇲 Arménie
60%
🇰🇿 Kazakhstan
60%
🇲🇰 Macédoine du Nord
60%
🇲🇱 Mali
60%
🇳🇵 Népal
60%
🇳🇬 Nigeria
60%
🇵🇪 Pérou
60%
🇻🇳 Vietnam
60%
🇮🇩 Indonésie
59%
🇵🇰 Pakistan
59%
🇸🇳 Sénégal
59%
🇦🇩 Andorre
58%
🇪🇨 Equateur
58%
🇬🇪 Géorgie
58%
🇹🇭 Thaïlande
58%
🇬🇭 Ghana
57%
🇱🇦 Laos
57%
🇧🇾 Biélorussie
56%
🇱🇻 Lettonie
56%
🇱🇺 Luxembourg
56%
🇻🇦 Vatican
56%
🇻🇪 Venezuela
56%
🇨🇷 Costa Rica
55%
🇬🇳 Guinée
55%
🇲🇬 Madagascar
55%
🇷🇸 Serbie
55%
🇦🇴 Angola
53%
🇪🇹 Ethiopie
53%
🇱🇹 Lituanie
53%
🇲🇾 Malaisie
53%
🇵🇦 Panama
53%
🇸🇮 Slovénie
53%
🇦🇿 Azerbaïdjan
52%
🇬🇦 Gabon
52%
🇵🇾 Paraguay
52%
🇸🇴 Somalie
52%
🇽🇰 Kosovo
51%
🇲🇩 Moldavie
51%
🇿🇲 Zambie
51%
🇧🇦 Bosnie-Herzégovine
50%
🇦🇪 Emirats Arabes Unis
50%
🇫🇯 Fidji
50%
🇬🇹 Guatemala
50%
🇭🇹 Haïti
50%
🇭🇳 Honduras
50%
🇯🇴 Jordanie
50%
🇸🇰 Slovaquie
50%
🇾🇪 Yémen
50%
🇧🇹 Bhoutan
49%
🇴🇲 Oman
49%
🇺🇿 Ouzbékistan
49%
🇵🇭 Philippines
49%
🇸🇬 Singapour
49%
🇨🇿 Tchéquie
49%
🇧🇴 Bolivie
48%
🇿🇼 Zimbabwe
48%
🇧🇫 Burkina Faso
47%
🇲🇳 Mongolie
47%
🇹🇿 Tanzanie
47%
🇹🇩 Tchad
47%
🇱🇾 Libye
46%
🇸🇨 Seychelles
46%
🇸🇩 Soudan
46%
🇸🇾 Syrie
46%
🇧🇸 Bahamas
45%
🇰🇲 Comores
45%
🏴󠁧󠁢󠁳󠁣󠁴󠁿 Ecosse
45%
🇵🇬 Papouasie-Nouvelle-Guinée
45%
🇲🇺 Maurice
44%
🇲🇷 Mauritanie
44%
🇳🇮 Nicaragua
44%
🇸🇷 Suriname
44%
🇨🇻 Cap-Vert
43%
🇪🇷 Erythrée
43%
🇲🇻 Maldives
43%
🇺🇬 Ouganda
43%
🇱🇰 Sri Lanka
43%
🇧🇭 Bahreïn
42%
🇧🇧 Barbade
42%
🇧🇯 Bénin
42%
🇧🇼 Botswana
42%
🇱🇷 Libéria
42%
🇱🇮 Liechtenstein
42%
🇩🇴 République Dominicaine
42%
🇸🇲 Saint-Marin
42%
🇧🇮 Burundi
41%
🇲🇿 Mozambique
41%
🇸🇻 Salvador
41%
🇹🇬 Togo
41%
🇩🇯 Djibouti
40%
🇬🇶 Guinée équatoriale
40%
🇬🇾 Guyana
40%
🇷🇪 La Réunion
40%
🇲🇼 Malawi
40%
🇳🇦 Namibie
40%
🇱🇨 Sainte-Lucie
40%
🇹🇼 Taïwan
40%
🇵🇸 Territoires Palestiniens
40%
🇧🇳 Brunei
39%
🇬🇵 Guadeloupe
39%
🇰🇬 Kirghizistan
39%
🏴󠁧󠁢󠁷󠁬󠁳󠁿 Pays de Galles
39%
🇹🇯 Tadjikistan
39%
🇬🇲 Gambie
38%
🇲🇪 Monténégro
38%
🇵🇼 Palaos
38%
🇨🇫 République Centrafricaine
38%
🇹🇲 Turkménistan
38%
🇦🇬 Antigua et Barbuda
37%
🇩🇲 Dominique
37%
🇬🇼 Guinée-Bissau
37%
🇲🇶 Martinique
37%
🇷🇼 Rwanda
37%
🇬🇩 Grenade
36%
🇰🇼 Koweït
36%
🇱🇸 Lesotho
36%
🇸🇱 Sierra Leone
36%
🇹🇴 Tonga
36%
🇧🇿 Belize
35%
🇸🇿 Eswatini
35%
🇬🇱 Groenland
35%
🇭🇰 Hong Kong
35%
🇻🇺 Vanuatu
35%
🇬🇫 Guyane Française
34%
🇰🇮 Kiribati
34%
🇾🇹 Mayotte
34%
🇸🇸 Soudan du Sud
34%
🇪🇺 Union Européenne
33%
🇫🇲 Micronésie
32%
🇻🇨 Saint-Vincent-et-les-Grenadines
32%
🇼🇸 Samoa
32%
🇹🇹 Trinité-et-Tobago
32%
🇰🇳 Saint-Christophe-et-Nièvès
31%
🇵🇷 Porto Rico
30%
🇬🇧 Royaume-Unis
30%
🇸🇧 Iles Salomon
29%
🇳🇷 Nauru
28%
🇹🇱 Timor Oriental
28%
🇹🇻 Tuvalu
28%
🇺🇾 Urugay
27%
🇳🇨 Nouvelle-Calédonie
26%
🇸🇹 Sao Tomé-et-Principe
26%
🇬🇮 Gibraltar
23%
🇦🇶 Antarctique
19%
🇨🇰 Iles Cook
19%
🇫🇴 Iles Féroé
18%
🇵🇫 Polynésie française
18%
🇼🇫 Wallis-et-Futuna
18%
🇧🇲 Bermudes
17%
🇬🇺 Guam
17%
🇮🇲 Ile de Man
17%
🇦🇼 Aruba
16%
🇨🇼 Curaçao
16%
🇲🇴 Macao
16%
🇦🇸 Samoa Américaines
16%
🇦🇮 Anguilla
15%
🇯🇪 Jersey
15%
🇳🇺 Niue
15%
🇲🇭 Iles Marshalls
14%
🇻🇬 Iles Vierges Britanniques
14%
🇬🇬 Guernesey
13%
🇫🇰 Iles Malouines
13%
🇲🇸 Montserrat
13%
🇵🇲 Saint-Pierre-et-Miquelon
13%
🇪🇭 Sahara occidental
11%
🇧🇱 Saint-Barthélemy
11%
🇰🇾 Iles Caimans
10%
🇨🇽 Iles Christmas
10%
🇲🇵 Iles Mariannes du Nord
10%
🇮🇨 Iles Canaries
9%
🇸🇭 Sainte-Hélène
9%
🇨🇨 Iles Cocos
8%
🇹🇨 Iles Turques-et-Caïques
8%
🇻🇮 Iles Vierges Des Etats-Unis
7%
🇹🇰 Tokelau
7%
🇳🇫 Iles Åland
5%
🇵🇳 Iles Pitcairn
5%
🇹🇫 Terres Australes Françaises
5%
🇸🇽 Saint-martin (partie Néerlandaise)
3%
🇮🇴 Territoire Britannique de l'Océan Indien
3%
🇧🇶 Bonaire (Pays-Bas caribéens)
2%
🇲🇲 Myanmar (Birmanie)
2%
🇬🇸 Géorgie du sud et iles Sandwich du sud
1%
Aucun quiz correspondant
Distribution des résultats
% des personnes avec chaque résultat
Percentile par nombre de réponses
Votre historique - résultats
Vous n’avez pas pris ce quiz